[Event "California State-ch"]
[Site "San Jose"]
[Date "2006.05.21"]
[Round "4"]
[White "Zhong, Larry"]
[Black "Chaudhuri, Shaun"]
[Result "0-1"]
[WhiteElo "1297"]
[BlackElo "1092"]
[PlyCount "83"]
[EventDate "2006.04.20"]
[EventType "swiss"]
[EventRounds "6"]
[EventCountry "USA"]
[SourceTitle "EXT 2009"]
[Source "ChessBase"]
[SourceDate "2008.11.26"]
[SourceVersion "1"]
[SourceVersionDate "2008.11.26"]
[SourceQuality "1"]

1. e4 e5 2. d4 exd4 3. c3 dxc3 4. Bc4 Nf6 5. Ne2 Bc5 6. 0-0 Nc6 7. Re1 0-0 8. Nbxc3 Ng4 9. Rf1 Nge5 10. Bb3 Qf6 11. Nd5 Qd8 12. h3 Nb4 13. Bf4 Nxd5 14. Qxd5 d6 15. Bxe5 Be6 16. Qxb7 dxe5 17. Bxe6 fxe6 18. Rad1 Bxf2+ 19. Kh1 Qb8 20. Qc6 Qb6 21. Qc4 Be3 22. Ng3 Rxf1+ 23. Rxf1 Rf8 24. Rd1 Bd4 25. b3 c5 26. Nf5 Kh8 27. Nxd4 exd4 28. a3 a5 29. b4 axb4 30. axb4 Rc8 31. Rxd4 Qc7 32. bxc5 Rb8 33. Rd1 Qe5 34. Qd4 Qxd4 35. Rxd4 Kg8 36. c6 Rc8 37. Rc4 Kf7 38. Kg1 Ke7 39. e5 Kd8 40. Kf2 Kc7 41. Rh4 Rh8 42. Rc4 0-1